| 000 | 00484nam a22001817a 4500 | ||
|---|---|---|---|
| 003 | CEME | ||
| 005 | 20210628204012.0 | ||
| 008 | 210113b xxu||||| |||| 00| 0 eng d | ||
| 020 | _a9780140117677 | ||
| 040 | _cceme | ||
| 082 | _a823 SID | ||
| 100 |
_aSidhwa, Bapsi _99819 |
||
| 245 | _aIce candy man | ||
| 260 |
_aINDIA _bPENGUIN BOOKS _c1988 |
||
| 300 | _a276P | ||
| 650 |
_aENGLISH LITERATURE-ICE CREAM MAN.LAHORE IN 1940 - 1950.HISTORY OF PAKISTAN. _968206 |
||
| 942 |
_cBK _2ddc |
||
| 999 |
_c575828 _d575828 |
||